Všeobecná mikrobiológia pre II. ročník stredných priemyselných škôl potravinárskej technológie

Bibliographic Details
Main Authors: Tvrdoň, Milan, 1927-2009 (Author), Maštálka, Oldřich, 1906- (Author)
Other Authors: Kováčová, Klára (Translator)
Format: Book
Language:Slovak
Czech
PhysicalDescription:175 strán fotografie, ilustrácie 21 cm
Published: Bratislava Slovenské vydavateľstvo technickej literatúry 1963
Edition:I. vydanie
Series:Edícia potravinárskej literatúry
Subjects:

MARC

LEADER 00000cam a2200000 a 4500
001 vtls008338343
003 SK-MaSNL
005 20260301053954.0
008 251001s1963 xo oa drnp 000 0 slo
015 |a SNBA1963/08-01595 
020 |q (viazané) 
035 |a SK01SNK19630030560 
035 |a urn:nbn:sk:snk-am3ihn2 
035 |a E5AE9BE6-35DE-49DB-952A-0987867D0423 
035 |a urn:nbn:sk:snk-am00eedc 
035 |a SKM000033023 
040 |a SNK  |b slo  |c SNK  |e AACR2 
041 1 |a slo  |h cze 
044 |a xo  |c SK 
080 |a 579.2  |2 2011 
080 |a (075.3)  |2 2011 
100 1 |a Tvrdoň, Milan,  |d 1927-2009  |4 aut  |9 163736 
240 1 0 |a Obecná mikrobiologie  |l Slovensky 
245 1 0 |a Všeobecná mikrobiológia  |b pre II. ročník stredných priemyselných škôl potravinárskej technológie  |c Milan Tvrdoň, Oldřich Maštalka ; z českého originálu Obecná mikrobiologie ... preložila Klára Kováčová 
250 |a I. vydanie 
260 |a Bratislava  |b Slovenské vydavateľstvo technickej literatúry  |c 1963  |e Bratislava  |f Polygrafické závody 
300 |a 175 strán  |b fotografie, ilustrácie  |c 21 cm 
366 |e 560 kusov 
490 1 |a Edícia potravinárskej literatúry 
504 |a Obsahuje bibliografiu 
650 0 7 |a všeobecná mikrobiológia  |2 SNKPH  |9 50743 
655 7 |a učebnice stredných škôl  |2 SNKPH  |9 69323 
700 1 |a Maštálka, Oldřich,  |d 1906-  |4 aut  |9 365258 
700 1 |a Kováčová, Klára  |4 trl  |9 365259 
830 0 |a Edícia potravinárskej literatúry  |9 277065 
852 |a Slovenská národná knižnica 
958 |a EUIPO 
958 |a TL 
958 |a UC 
958 |a OP 
958 |a CZ 
958 |a NB 
958 |a RK 
958 |a OND 
968 |b ČES 
999 |c 609749  |d 611679 
952 |a SNK  |b SNK  |y PREZ  |7 0  |p 17A0881567  |o snkSC 17923  |i snkKSP 3359/63  |0 0  |1 0  |4 0  |d 2020-10-09  |f 1  |l 0  |r 2025-07-25 00:00:00  |w 2026-02-23